Способ определения теплопроводности композиционных строительных материалов; Изобретения. Полезные модели; № 3 (Ч. 2)

Bibliographische Detailangaben
Parent link:Изобретения. Полезные модели: бюллетень/ Федеральный институт промышленной собственности (ФИПС, Роспатент).— , 2000-2012.— 1683-2019
№ 3 (Ч. 2).— 2005.— С. 428
1. Verfasser: Волокитин Г. Г.
Weitere Verfasser: Шиляев А. М., Лысак И. А. Илья Александрович
Zusammenfassung:заявл. 31.07.2003
Sprache:Russisch
Veröffentlicht: 2005
Schlagworte:
Format: MixedMaterials Buchkapitel
KOHA link:https://koha.lib.tpu.ru/cgi-bin/koha/opac-detail.pl?biblionumber=532651

MARC

LEADER 00000naa2a2200000 4500
001 532651
005 20240405064731.0
029 0 0 |a RU  |b 2003124090/28  |f TPU  |c Заявка РФ на изобретение  |d МПК 7 01 N 25/18 
035 |a (RuTPU)RU\TPU\prd\219849 
035 |a RU\TPU\prd\219848 
090 |a 532651 
100 |a 20140615a2005 k y0rusy50 ca 
101 0 |a rus 
102 |a RU 
200 1 |a Способ определения теплопроводности композиционных строительных материалов  |f Г. Г. Волокитин, А. М. Шиляев, И. А. Лысак 
300 |a заявл. 31.07.2003 
461 0 |0 (RuTPU)RU\TPU\prd\43181  |x 1683-2019  |t Изобретения. Полезные модели  |o бюллетень  |f Федеральный институт промышленной собственности (ФИПС, Роспатент)  |d 2000-2012 
463 0 |0 (RuTPU)RU\TPU\prd\244635  |t № 3 (Ч. 2)  |v С. 428  |d 2005 
610 1 |a труды учёных ТПУ 
700 1 |a Волокитин  |b Г. Г. 
701 1 |a Шиляев  |b А. М. 
701 1 |a Лысак  |b И. А.  |c специалист в области автоматизации и робототехники  |c доцент Томского политехнического университета, кандидат технических наук  |f 1977-  |g Илья Александрович  |y Томск  |3 (RuTPU)RU\TPU\pers\31784  |9 15895 
801 1 |a RU  |b 63413507  |c 20130531 
801 2 |a RU  |b 63413507  |c 20151106  |g RCR 
942 |c BK